00782nam a2200229 a 450000100060000000300090000600800410001502000180005604000280007408200180010210000260012024500570014626000310020330000110023449000350024565000390028065000320031965000310035194200120038299900170039495201410041124168CO-ViMGA141112s2004 ck r 000 u spa d a9789584507594 aCO-ViMGAbspacCO-ViMGA aCo864.6 O764d1 aOspina, William9660810a¿ Donde esta la franja amarilla? / cWilliam Ospina aColombia : bNorma, c2008 a145 p. aVerticales de bolsillo; ensayo14aCOLOMBIA - HISTORIA - ENSAYO9660914aENSAYOS COLOMBIANOS 9121514aVIOLENCIA - ENSAYOS 96610 2ddccBK c11666d11666 00102ddc40708001aMEVIGACOMbMEVIGACOMd2015-12-04h07/dic/2011l0oCo864.6 O764d p4156r2015-12-04 00:00:00tEj. 1w2015-12-04yBK